00250nam a2200109Ia 4500008004100000020001800041082001500059100001700074245001700091260002300108500000900131260604s9999 xx 000 0 und d a9780143420903 a823.92 Dat aDurjoy datta 0aHold my Hand bPenguin Metro Read aHand